[Event "Novosibirsk Seniors op"]
[Site "Novosibirsk"]
[Date "2010.09.30"]
[Round "6"]
[White "Stepanenko, Leonid"]
[Black "Migunov, Vladislav"]
[Result "1-0"]
[WhiteElo "1858"]
[BlackElo "1854"]
[PlyCount "43"]
[EventDate "2010.09.24"]
[EventType "swiss"]
[EventRounds "9"]
[EventCountry "RUS"]
[SourceTitle "EXT 2014"]
[Source "ChessBase"]
[SourceDate "2013.11.20"]
[SourceVersion "1"]
[SourceVersionDate "2013.11.20"]
[SourceQuality "1"]

1. d4 d5 2. Nf3 Nf6 3. Bg5 e6 4. e3 c5 5. c4 dxc4 6. Bxc4 Nc6 7. Nc3 cxd4 8. Nxd4 Nxd4 9. Qxd4 Qxd4 10. exd4 Be7 11. Bb5+ Bd7 12. Bxd7+ Nxd7 13. Bxe7 Kxe7 14. 0-0-0 Rac8 15. Rhe1 f6 16. Kb1 a6 17. f4 Kf7 18. Ne4 Rc7 19. Rc1 Rc6 20. Rxc6 bxc6 21. f5 e5 22. Rc1 1-0

[Event "Novosibirsk Sukharev Memorial Seniors"]
[Site "Novosibirsk"]
[Date "2010.07.25"]
[Round "8"]
[White "Stepanenko, Leonid"]
[Black "Norchenko, Konstantin Grigorie"]
[Result "1-0"]
[WhiteElo "1873"]
[BlackElo "2025"]
[PlyCount "99"]
[EventDate "2010.07.18"]
[EventType "swiss"]
[EventRounds "9"]
[EventCountry "RUS"]
[SourceTitle "EXT 2011"]
[Source "ChessBase"]
[SourceDate "2010.11.26"]
[SourceVersion "1"]
[SourceVersionDate "2010.11.26"]
[SourceQuality "1"]

1. d4 Nf6 2. c4 g6 3. Nc3 d5 4. e3 Bg7 5. Nf3 0-0 6. Be2 b6 7. cxd5 Nxd5 8. 0-0 Bb7 9. Bd2 Nd7 10. Rc1 c5 11. Nxd5 Bxd5 12. Bc4 Bxf3 13. Qxf3 cxd4 14. exd4 Bxd4 15. Bc3 Ne5 16. Qe2 Bxc3 17. Rxc3 Nxc4 18. Rd1 Qb8 19. Rxc4 Rd8 20. Rcd4 Rxd4 21. Rxd4 e6 22. Rd7 Qe8 23. Qd1 a6 24. g3 b5 25. Qd6 Qf8 26. Qd3 Qc5 27. Kg2 Rc8 28. a3 Qc6+ 29. Kh3 Qc2 30. Qf3 Qf5+ 31. Qxf5 gxf5 32. Ra7 Rc2 33. b4 Rxf2 34. Rxa6 Rd2 35. Ra5 Ra2 36. Ra6 Kg7 37. Ra5 Kf6 38. g4 fxg4+ 39. Kxg4 Rc2 40. Rxb5 Rxh2 41. a4 e5 42. a5 h5+ 43. Kf3 Rh3+ 44. Ke4 Rh4+ 45. Kf3 Rh3+ 46. Ke4 Rh4+ 47. Kd3 Rd4+ 48. Kc3 h4 49. a6 Rd6 50. a7 1-0

[Event "Novosibirsk April op"]
[Site "Novosibirsk"]
[Date "2010.04.07"]
[Round "5"]
[White "Stepanenko, Leonid"]
[Black "Kaigorodov, Timofei"]
[Result "1/2-1/2"]
[WhiteElo "1857"]
[BlackElo "1787"]
[PlyCount "67"]
[EventDate "2010.04.02"]
[EventType "swiss"]
[EventRounds "9"]
[EventCountry "RUS"]
[SourceTitle "EXT 2011"]
[Source "ChessBase"]
[SourceDate "2010.11.26"]
[SourceVersion "1"]
[SourceVersionDate "2010.11.26"]
[SourceQuality "1"]

1. d4 Nf6 2. c4 g6 3. Nc3 Bg7 4. g3 0-0 5. Bg2 d6 6. e4 e5 7. d5 c5 8. Nge2 a6 9. 0-0 Ne8 10. Be3 b6 11. Qd2 Ra7 12. Bh6 f5 13. Bxg7 Nxg7 14. f4 Re7 15. fxe5 Rxe5 16. Rae1 Rfe8 17. Nf4 fxe4 18. Nxe4 Bf5 19. Nc3 Nd7 20. Rxe5 Nxe5 21. b3 g5 22. Nh3 h6 23. Nf2 Rf8 24. Nce4 Qd7 25. h3 Nh5 26. g4 Bxe4 27. Nxe4 Nf4 28. Ng3 Rf6 29. Ne2 Neg6 30. Qe3 Nxe2+ 31. Qxe2 Qf7 32. Re1 Ne5 33. Be4 Rf4 34. Kg2 1/2-1/2

[Event "Novosibirsk op 03"]
[Site "Novosibirsk"]
[Date "2009.03.31"]
[Round "9"]
[White "Klimov, Valery"]
[Black "Stepanenko, Leonid"]
[Result "0-1"]
[WhiteElo "1928"]
[BlackElo "1884"]
[PlyCount "56"]
[EventDate "2009.03.17"]
[EventType "swiss"]
[EventRounds "9"]
[EventCountry "RUS"]
[SourceTitle "EXT 2012"]
[Source "ChessBase"]
[SourceDate "2011.11.24"]
[SourceVersion "1"]
[SourceVersionDate "2011.11.24"]
[SourceQuality "1"]

1. e4 e6 2. d4 d5 3. Nc3 Nf6 4. Bg5 Be7 5. e5 Nfd7 6. Bxe7 Qxe7 7. f4 a6 8. Nf3 c5 9. dxc5 Nxc5 10. Bd3 b5 11. a3 Bb7 12. Qe2 Nbd7 13. 0-0 g6 14. Rae1 Nxd3 15. cxd3 Rc8 16. Nd4 0-0 17. Nf3 Rc7 18. h3 Rfc8 19. Kh2 b4 20. axb4 Qxb4 21. Qd2 Nc5 22. Nxd5 Qxd2 23. Nf6+ Kg7 24. Nxd2 Nxd3 25. Re3 Nxb2 26. Rb3 Na4 27. Rb4 Nc3 28. Rc1 Kh6 0-1

[Event "Dimitrovgrad-ch"]
[Site "Dimitrovgrad"]
[Date "2009.??.??"]
[Round "5"]
[White "Pyltsina, Ekaterina"]
[Black "Stepanenko, Leonid"]
[Result "1-0"]
[WhiteElo "1855"]
[BlackElo "1880"]
[PlyCount "59"]
[EventDate "2009.08.??"]
[EventType "swiss"]
[EventRounds "9"]
[EventCountry "RUS"]
[SourceTitle "EXT 2012"]
[Source "ChessBase"]
[SourceDate "2011.11.24"]
[SourceVersion "1"]
[SourceVersionDate "2011.11.24"]
[SourceQuality "1"]

1. e4 e6 2. d4 d5 3. Nc3 Nf6 4. Bd3 Be7 5. Nf3 c5 6. exd5 Nxd5 7. Nxd5 Qxd5 8. dxc5 Qxc5 9. 0-0 0-0 10. Be3 Qh5 11. Ng5 Qxd1 12. Rfxd1 h6 13. Nf3 Bd7 14. Ne5 Bc6 15. Nxc6 Nxc6 16. Be4 Bf6 17. c3 Rfd8 18. Rxd8+ Nxd8 19. Rd1 Nc6 20. Rd7 Rb8 21. Kf1 Kf8 22. Bc5+ Ke8 23. Rxb7 Rc8 24. Bxc6+ Rxc6 25. Bxa7 Ra6 26. a3 g5 27. Ke2 Be7 28. c4 Bd6 29. Rb6 Rxa7 30. Rxd6 1-0

[Event "Dimitrovgrad-ch"]
[Site "Dimitrovgrad"]
[Date "2009.??.??"]
[Round "2"]
[White "Vorobjov, Stanislav"]
[Black "Stepanenko, Leonid"]
[Result "1-0"]
[WhiteElo "2175"]
[BlackElo "1880"]
[PlyCount "85"]
[EventDate "2009.08.??"]
[EventType "swiss"]
[EventRounds "9"]
[EventCountry "RUS"]
[SourceTitle "EXT 2012"]
[Source "ChessBase"]
[SourceDate "2011.11.24"]
[SourceVersion "1"]
[SourceVersionDate "2011.11.24"]
[SourceQuality "1"]

1. e4 e6 2. d4 d5 3. Nc3 dxe4 4. Nxe4 Nd7 5. Nf3 Ngf6 6. Nxf6+ Nxf6 7. Bd3 Be7 8. 0-0 0-0 9. Qe2 b6 10. Ba6 Bxa6 11. Qxa6 c5 12. c3 Qc7 13. Bg5 h6 14. Bh4 Nd5 15. Bg3 Bd6 16. Bxd6 Qxd6 17. Rad1 Qc7 18. dxc5 Qxc5 19. a3 Nc7 20. Qb7 Rfb8 21. Qe4 Rd8 22. b4 Qe7 23. c4 a5 24. Qc6 axb4 25. axb4 Rxd1 26. Rxd1 Rd8 27. Rxd8+ Qxd8 28. h3 Ne8 29. c5 bxc5 30. bxc5 Kf8 31. Qb7 Qc7 32. c6 Ke7 33. Nd4 Kd8 34. Nb5 Qc8 35. g3 Nf6 36. Qxf7 Qxc6 37. Nd4 Qd7 38. Nxe6+ Kc8 39. Qxd7+ Kxd7 40. Nxg7 h5 41. Kg2 Kd6 42. f4 Ke7 43. Kf3 1-0

[Event "SFR-ch Seniors"]
[Site "Novosibirsk"]
[Date "2008.10.10"]
[Round "3"]
[White "Babkova, Nina"]
[Black "Stepanenko, Leonid"]
[Result "1/2-1/2"]
[WhiteElo "2052"]
[BlackElo "1943"]
[PlyCount "80"]
[EventDate "2008.10.08"]
[EventType "swiss"]
[EventRounds "9"]
[EventCountry "RUS"]
[SourceTitle "EXT 2022"]
[Source "ChessBase"]
[SourceDate "2021.10.06"]
[SourceVersion "1"]
[SourceVersionDate "2021.10.06"]
[SourceQuality "1"]

1. e4 c6 2. d4 d5 3. Nc3 dxe4 4. Nxe4 Nd7 5. Nf3 Ngf6 6. Bd3 Nxe4 7. Bxe4 Nf6 8. Bd3 Bg4 9. Be3 e6 10. h3 Bh5 11. g4 Bg6 12. g5 Nd5 13. h4 Nxe3 14. fxe3 Qc7 15. Rg1 Bd6 16. Qe2 Bg3+ 17. Kd2 0-0-0 18. Raf1 Bd6 19. Kc1 Bxd3 20. Qxd3 Kb8 21. Qb3 c5 22. Qc3 cxd4 23. Qxc7+ Bxc7 24. Nxd4 Rd7 25. c3 g6 26. Rf3 h6 27. Rgf1 hxg5 28. hxg5 Rh7 29. Nb3 Bd8 30. Nc5 Rd5 31. Ne4 Rf5 32. Nd6 Rxf3 33. Rxf3 Bxg5 34. Nxf7 Bxe3+ 35. Rxe3 Rxf7 36. Rxe6 Rf1+ 37. Kd2 Rf2+ 38. Re2 Rf4 39. Rg2 Rf6 40. Ke3 Kc7 1/2-1/2

[Event "Novosibirsk March op"]
[Site "Novosibirsk"]
[Date "2008.03.27"]
[Round "8"]
[White "Stepanenko, Leonid"]
[Black "Zubarev, Alexsander M"]
[Result "1-0"]
[WhiteElo "1928"]
[BlackElo "1937"]
[PlyCount "151"]
[EventDate "2008.03.11"]
[EventType "swiss"]
[EventRounds "9"]
[EventCountry "RUS"]
[SourceTitle "EXT 2010"]
[Source "ChessBase"]
[SourceDate "2010.11.25"]
[SourceVersion "1"]
[SourceVersionDate "2010.11.25"]
[SourceQuality "1"]

1. c4 e5 2. Nc3 d6 3. g3 c6 4. Bg2 Be7 5. e3 f5 6. Nge2 Nf6 7. 0-0 0-0 8. d4 Qe8 9. b3 Kh8 10. Ba3 c5 11. d5 e4 12. Bb2 Nbd7 13. Nb5 Qd8 14. Nf4 Nb8 15. Nh5 a6 16. Na3 Nbd7 17. Nf4 Nb6 18. f3 exf3 19. Bxf3 Qe8 20. Qc2 Qf7 21. Rae1 Kg8 22. Nb1 g5 23. Ne6 Bxe6 24. dxe6 Qxe6 25. Bxb7 Ra7 26. Bg2 Ng4 27. e4 f4 28. gxf4 gxf4 29. Bh3 Bh4 30. Qc3 Bf6 31. Qd2 Rg7 32. Bxf6 Qxf6 33. Kh1 Ne5 34. Bf5 f3 35. Rg1 Rff7 36. Rxg7+ Rxg7 37. Rg1 Nc6 38. Qf2 Nd4 39. Rxg7+ Kxg7 40. Nd2 Nxf5 41. exf5 Qxf5 42. Qxf3 Qxf3+ 43. Nxf3 Kf6 44. Kg2 Kf5 45. Kg3 d5 46. cxd5 Nxd5 47. h4 Nc3 48. a4 Ne4+ 49. Kg2 h5 50. Kf1 Kf4 51. Ke2 Nd6 52. Ng5 Ke5 53. Kd3 Kd5 54. Nh7 Ke5 55. Nf8 Kd5 56. Nd7 a5 57. Kc3 Ne4+ 58. Kd3 Nf2+ 59. Kc3 Ng4 60. Nb6+ Kc6 61. Nc4 Nh6 62. Nxa5+ Kd5 63. Nc4 Nf5 64. b4 Nxh4 65. b5 Nf3 66. a5 Nd4 67. Ne3+ Kd6 68. Kc4 Ne6 69. a6 Kc7 70. Nd5+ Kb8 71. b6 h4 72. a7+ Kb7 73. Nc7 Kxb6 74. a8Q Nxc7 75. Qe4 Nb5 76. Qxh4 1-0

[Event "Novosibirsk March op"]
[Site "Novosibirsk"]
[Date "2008.03.13"]
[Round "2"]
[White "Chuguev, Anton"]
[Black "Stepanenko, Leonid"]
[Result "1-0"]
[WhiteElo "2153"]
[BlackElo "1928"]
[PlyCount "133"]
[EventDate "2008.03.11"]
[EventType "swiss"]
[EventRounds "9"]
[EventCountry "RUS"]
[SourceTitle "EXT 2010"]
[Source "ChessBase"]
[SourceDate "2010.11.25"]
[SourceVersion "1"]
[SourceVersionDate "2010.11.25"]
[SourceQuality "1"]

1. Nf3 d5 2. c4 c6 3. g3 Nf6 4. Bg2 g6 5. 0-0 Bg7 6. Qc2 0-0 7. d3 Nbd7 8. Nbd2 e5 9. e4 d4 10. Rb1 a5 11. b3 Qe7 12. a3 b5 13. b4 axb4 14. axb4 Ra4 15. Ne1 Bb7 16. Bh3 Rfa8 17. c5 Nf8 18. Qb3 Ne6 19. Bxe6 fxe6 20. Ng2 Bh6 21. Nf3 Bxc1 22. Rfxc1 Ra3 23. Qd1 Nd7 24. Ra1 g5 25. Rxa3 Rxa3 26. Ra1 Rxa1 27. Qxa1 g4 28. Nd2 Nf8 29. Nb3 Kf7 30. Qa7 Bc8 31. Qxe7+ Kxe7 32. Na5 Bd7 33. Ne1 h5 34. f3 Kf6 35. Nc2 Kg5 36. fxg4 hxg4 37. Kg2 Ng6 38. Ne1 Ne7 39. h3 gxh3+ 40. Kxh3 Be8 41. Nf3+ Kf6 42. g4 Ng6 43. g5+ Kg7 44. Kg4 Kf8 45. Nb3 Ke7 46. Na1 Bf7 47. Nc2 Be8 48. Nce1 Bf7 49. Ng2 Be8 50. Ngh4 Nf4 51. Nxe5 Ne2 52. g6 Kf6 53. Nhf3 Bxg6 54. Nxg6 Kxg6 55. Ne5+ Kf6 56. Nxc6 Nc1 57. e5+ Kg6 58. Kf4 Nxd3+ 59. Ke4 Ne1 60. Nxd4 Kf7 61. c6 Ke7 62. Nxb5 Nc2 63. Nd6 Kd8 64. b5 Nb4 65. Kd4 Kc7 66. Kc4 Nd5 67. Kc5 1-0